000 00588nam a2200193Ia 4500
005 20250508163326.0
008 008 250505s9999 xx 000 0 eng d
020 _a0-521-26968-7
037 _aTextual
040 _aFEDL
_beng
_cFEDL
041 _aeng
_2eng
084 _a418, BRU
_qFEDL
100 _aBrumfit Christopher
_9773306
245 0 _aCommunicative methodology in language teaching: The roles of fluency and accuracy
260 _aCambridge
_bCambridge University Press
_c1984
300 _ax,166p.
942 _cTEXL
_h418, BRU
999 _c1382337
_d1382337